TLC con Estados Unidos: contribuciones para el debate /
El artículo describe el proceso de consulta y de información al sector civil costarricense acerca del TLC con Estados Unidos desde la perspectiva del Ministerio de Comercio Exterior (COMEX). Asimismo se mencionan los canales de comunicación que fueron habilitados y promovidos según el COMEX para est...
Guardado en:
| Hovedforfatter: | |
|---|---|
| Institution som forfatter: | |
| Andre forfattere: | |
| Format: | Texto |
| Udgivet: |
San José:
Instituto de Investigaciones Sociales,
Universidad de Costa Rica
|
| Fag: | |
| Tags: |
Tilføj Tag
Ingen Tags, Vær først til at tagge denne postø!
|
MARC
| LEADER | 00000 a a2200000 04500 | ||
|---|---|---|---|
| 001 | 30746 | ||
| 003 | |||
| 040 | |||
| 020 | |a 9968-861-00-6 | ||
| 090 | |a 0001 F634d | ||
| 100 | |a Flórez - Estrada Pimentel, María | ||
| 110 | |a Universidad de Costa Rica | ||
| 245 | |a TLC con Estados Unidos: contribuciones para el debate / |c María Flórez - Estrada Pimentel | ||
| 260 | |a San José: |b Instituto de Investigaciones Sociales, |c Universidad de Costa Rica | ||
| 300 | |a 435 p. | ||
| 520 | |a El artículo describe el proceso de consulta y de información al sector civil costarricense acerca del TLC con Estados Unidos desde la perspectiva del Ministerio de Comercio Exterior (COMEX). Asimismo se mencionan los canales de comunicación que fueron habilitados y promovidos según el COMEX para este proceso | ||
| 650 | |a TLC | ||
| 650 | |a CAMPAÑAS DE INFORMACION | ||
| 650 | |a SISTEMAS DE INFORMACION | ||
| 650 | |a DIFUSION DE LA INFORMACION | ||
| 700 | |a Gerardo Hernández | ||
| 999 | |c 16338 |d 16338 | ||



